000 00627nam a2200193 4500
001 122252
003 ES-MaACL
005 20250625170408.0
007 t|
008 070214s1967 sp r ||||1| spa d
100 1 _aPoupard, Paul.
_993454
245 1 3 _aEl Vaticano, hoy /
_cPaul Poupard ; prólogo del cardenal Angelo Dell'Acqua ; traducción de Nicolás López Martínez.
260 _aBurgos :
_bAldecoa,
_c1967.
300 _a275 p. ;
_c19 cm.
700 1 _aDell'Acqua, Angelo.
_943531
700 1 _aLópez Martínez, Nicolás,
_d1925-2006
_973762
852 _aES-MaACL
_jC-34451
_bR.64948
999 _c122252
_d122252